000 00309 a2200121 4500
001 65303
082 _a327 SEG
090 _c38330
_d38330
100 _aSegal Gerald
245 _aThe simon & Schuster guide to the world today
260 _aLahore
_bCombine printers for PAF Book Club
_c1988
300 _a296p
942 _aNUST-CAE
_k327 SEG
999 _c300376
_d300376